Hóa học đại cương
Saved in:
| Main Author: | |
|---|---|
| Format: | Book |
| Language: | Undetermined |
| Published: |
H.
ĐHQGHN
1996
|
| Subjects: | |
| Online Access: | http://lrc.tdmu.edu.vn/opac/search/detail.asp?aID=2&ID=5986 |
| Tags: |
Add Tag
No Tags, Be the first to tag this record!
|
| Institutions: | Trung tâm Học liệu Trường Đại học Thủ Dầu Một |
|---|
| LEADER | 00561nam a2200193Ia 4500 | ||
|---|---|---|---|
| 001 | TDMU_5986 | ||
| 008 | 210410s9999 xx 000 0 und d | ||
| 082 | |a 540 | ||
| 090 | |b Đ108 | ||
| 100 | |a Đào, Đình Thức | ||
| 245 | 0 | |a Hóa học đại cương | |
| 245 | 0 | |c Đào Đình Thức | |
| 260 | |a H. | ||
| 260 | |b ĐHQGHN | ||
| 260 | |c 1996 | ||
| 300 | |a 304tr | ||
| 650 | |a Hóa đại cương | ||
| 856 | |u http://lrc.tdmu.edu.vn/opac/search/detail.asp?aID=2&ID=5986 | ||
| 980 | |a Trung tâm Học liệu Trường Đại học Thủ Dầu Một | ||